Sous-Préfectures de la Région PACA - Statistiques

Statistiques générales
  • Ce quiz a été pris 405 fois
  • Le résultat moyen est 12 sur 18
Statistiques - réponses
Hint Réponse % Correct
Bouches-du-Rhône Préfecture Marseille
97%
Alpes-Maritimes Préfecture Nice
96%
Var Préfecture Toulon
95%
Hautes-Alpes Préfecture Gap
92%
Vaucluse Préfecture Avignon
91%
Bouches-du-Rhône Sous-Préfecture Aix-en-Provence
84%
Alpes-de-Haute-Provence Préfecture Digne-les-Bains
82%
Bouches-du-Rhône Sous-Préfecture Arles
70%
Alpes-Maritimes Sous-Préfecture Grasse
62%
Hautes-Alpes Sous-Préfecture Briançon
61%
Var Sous-Préfecture Draguignan
61%
Bouches-du-Rhône Sous-Préfecture Istres
59%
Vaucluse Sous-Préfecture Carpentras
54%
Vaucluse Sous-Préfecture Apt
44%
Alpes-de-Haute-Provence Sous-Préfecture Barcelonnette
44%
Var Sous-Préfecture Brignoles
39%
Alpes-de-Haute-Provence Sous-Préfecture Forcalquier
35%
Alpes-de-Haute-Provence Sous-Préfecture Castellanne
31%
Aucun quiz correspondant
Distribution des résultats
% des personnes avec chaque résultat
Percentile par nombre de réponses
Votre historique - résultats
Vous n’avez pas pris ce quiz